Provincias de España por últimas dos letras en 45 segundos - Estadísticas

Estadísticas generales
  • Esta prueba ha sido intentada 269 veces
  • La puntuación promedio es 39 de 50
Respuestas en el mapa
Las respuestas están codificadas por una escala verde-roja en el mapa de la prueba según el % correcto abajo.
 
Estadísticas de respuestas
Provincia % Correcto
Almería
94%
Murcia
94%
Bizkaia
92%
Cantabria
92%
Palencia
92%
Segovia
92%
Soria
92%
València
92%
A Coruña
91%
Barcelona
91%
Girona
91%
Tarragona
91%
Araba/Álava
90%
Asturias/Asturies
89%
Madrid
89%
Valladolid
89%
Cuenca
86%
Huesca
86%
Salamanca
85%
Ávila
84%
Cáceres
84%
Guadalajara
84%
Illes Balears
84%
Sevilla
84%
Navarra
83%
Pontevedra
83%
Zamora
83%
Huelva
82%
Granada
81%
Lleida
81%
Castellón/Castelló
80%
León
79%
Lugo
76%
Cádiz
74%
Albacete
72%
Alicante/Alacant
72%
Badajoz
69%
Zaragoza
69%
Córdoba
68%
Málaga
68%
Las Palmas
67%
Jaén
64%
Ourense
64%
Toledo
62%
Ciudad Real
59%
Teruel
58%
Burgos
54%
La Rioja
44%
Santa Cruz de Tenerife
41%
Gipuzkoa
35%
No se encontraron pruebas coincidentes
Distribución de puntuación
Porcentaje de gente con cada puntuación
Porcentaje por número respondido
Historial de tus puntuaciones
No has intentado esta prueba.